[Event "Belgrade-chT"]
[Site "Belgrade"]
[Date "2017.10.28"]
[Round "8.7"]
[White "Djurisic, Dusan"]
[Black "Vujanovic, Aleksa"]
[Result "0-1"]
[WhiteElo "1926"]
[BlackElo "1924"]
[PlyCount "86"]
[EventDate "2017.10.01"]
[EventType "team-tourn"]
[EventRounds "11"]
[EventCountry "SRB"]
[SourceTitle "CBM 181 Extra"]
[Source "ChessBase"]
[SourceDate "2017.12.12"]
[SourceVersion "1"]
[SourceVersionDate "2017.12.12"]
[SourceQuality "1"]
[WhiteTeam "Nis Jugopetrol"]
[BlackTeam "GSP Polet"]
[WhiteTeamCountry "SRB"]
[BlackTeamCountry "SRB"]

1. b4 Nf6 2. Bb2 g6 3. e3 Bg7 4. Nf3 d6 5. Be2 e5 6. 0-0 0-0 7. c4 c6 8. d4 e4 9. Nfd2 d5 10. Nc3 Ne8 11. Bg4 f5 12. Be2 Be6 13. a4 f4 14. Bg4 Qd7 15. Bxe6+ Qxe6 16. cxd5 cxd5 17. Qb3 Nc7 18. exf4 Bxd4 19. Ne2 Bxb2 20. Qxb2 Nd7 21. Rac1 Rac8 22. Qd4 b6 23. Qe3 Na6 24. Rxc8 Rxc8 25. Qb3 Nf6 26. Ng3 Kg7 27. Re1 Qd6 28. f3 Qxb4 29. Qxb4 Nxb4 30. fxe4 Nd3 31. Re3 Rc1+ 32. Ngf1 dxe4 33. Nxe4 Nxe4 34. Rxe4 Kf6 35. g3 Nc5 36. Rd4 Ra1 37. Kg2 Rxa4 38. Rd8 Ra2+ 39. Kh3 Ne6 40. Rd7 Ra3 41. Kg2 h5 42. Nd2 Nc5 43. Nc4 Rxg3+ 0-1

[Event "Belgrade-chT"]
[Site "Belgrade"]
[Date "2017.10.14"]
[Round "4.6"]
[White "Vujanovic, Aleksa"]
[Black "Milicevic, Matija"]
[Result "1-0"]
[WhiteElo "1924"]
[BlackElo "1981"]
[PlyCount "83"]
[EventDate "2017.10.01"]
[EventType "team-tourn"]
[EventRounds "11"]
[EventCountry "SRB"]
[SourceTitle "CBM 181 Extra"]
[Source "ChessBase"]
[SourceDate "2017.12.12"]
[SourceVersion "1"]
[SourceVersionDate "2017.12.12"]
[SourceQuality "1"]
[WhiteTeam "GSP Polet"]
[BlackTeam "Cyril i Metodije"]
[WhiteTeamCountry "SRB"]
[BlackTeamCountry "SRB"]

1. c4 Nf6 2. Nf3 g6 3. g3 Bg7 4. Bg2 0-0 5. 0-0 d6 6. d3 e5 7. Nc3 c6 8. Ne1 a5 9. Nc2 Na6 10. Rb1 Nd7 11. a3 f5 12. e3 g5 13. f4 gxf4 14. exf4 Nf6 15. Ne3 Ne8 16. Nc2 Nc5 17. d4 Nb3 18. d5 c5 19. Be3 Bd7 20. Ne1 a4 21. Nd3 Qa5 22. Re1 e4 23. Nc1 Nd4 24. N1e2 Qb6 25. Kh1 Nc7 26. Rg1 Qa7 27. g4 fxg4 28. Nxe4 Nf5 29. Bf2 b5 30. N2g3 bxc4 31. Qc2 Nb5 32. Qxc4 Nh4 33. Nh5 Nxg2 34. Rxg2 Bf5 35. Re1 Qd7 36. Bh4 Rae8 37. Nxg7 Kxg7 38. Qxa4 Bg6 39. Nc3 Rxe1+ 40. Bxe1 Qe7 41. Rd2 Qb7 42. Qxb5 1-0

[Event "Belgrade-chT Quality"]
[Site "Belgrade"]
[Date "2016.10.09"]
[Round "4.4"]
[White "Velemir, Velimir"]
[Black "Vujanovic, Aleksa"]
[Result "1/2-1/2"]
[WhiteElo "2092"]
[BlackElo "1879"]
[PlyCount "57"]
[EventDate "2016.10.01"]
[EventType "team-tourn"]
[EventRounds "11"]
[EventCountry "SRB"]
[SourceTitle "EXT 2018"]
[Source "ChessBase"]
[SourceDate "2017.10.13"]
[SourceVersion "1"]
[SourceVersionDate "2017.10.13"]
[SourceQuality "1"]

1. f4 e5 2. fxe5 d6 3. Nf3 dxe5 4. e4 Bd6 5. Bc4 Nf6 6. d3 h6 7. Nc3 0-0 8. 0-0 Nc6 9. a3 Bg4 10. h3 Be6 11. Bxe6 fxe6 12. Be3 Qe7 13. Qe2 Bc5 14. Kh2 Bxe3 15. Qxe3 Qd6 16. Nb5 Qd7 17. Rad1 a6 18. Nc3 Nd4 19. Ne2 Nxf3+ 20. Qxf3 Rf7 21. Ng1 Raf8 22. Qe2 Qb5 23. c3 c5 24. Nf3 Nd7 25. g4 g6 26. Kg2 Qc6 27. Qe1 Kg7 28. Qg3 Qc7 29. Ng1 1/2-1/2

[Event "Belgrade-chT Quality"]
[Site "Belgrade"]
[Date "2016.10.02"]
[Round "2.3"]
[White "Vujanovic, Aleksa"]
[Black "Petrovic, Zarko"]
[Result "1/2-1/2"]
[WhiteElo "1879"]
[BlackElo "2119"]
[PlyCount "96"]
[EventDate "2016.10.01"]
[EventType "team-tourn"]
[EventRounds "11"]
[EventCountry "SRB"]
[SourceTitle "EXT 2018"]
[Source "ChessBase"]
[SourceDate "2017.10.13"]
[SourceVersion "1"]
[SourceVersionDate "2017.10.13"]
[SourceQuality "1"]

1. c4 e6 2. Nf3 d5 3. cxd5 exd5 4. d4 Nf6 5. Nc3 Nbd7 6. Bg5 Be7 7. e3 0-0 8. Bd3 c6 9. 0-0 Re8 10. Qc2 Nf8 11. Bxf6 Bxf6 12. Rab1 g6 13. b4 Bg4 14. Nd2 Rc8 15. a4 Bg7 16. Qb3 Qg5 17. Kh1 Bf5 18. Nf3 Qf6 19. Ne2 Bxd3 20. Qxd3 Ne6 21. Rfc1 Red8 22. Kg1 Bf8 23. Qb3 Bd6 24. Ne1 Ng5 25. Nd3 Ne4 26. Rb2 Qh4 27. Ng3 Nxg3 28. hxg3 Qe7 29. Nf4 h5 30. Rbc2 Bxb4 31. Rb1 a5 32. Nd3 h4 33. gxh4 Qxh4 34. Nxb4 axb4 35. Qxb4 Kg7 36. Qe1 Rh8 37. f3 Qh2+ 38. Kf1 Qh1+ 39. Kf2 Qh4+ 40. Kg1 Qh2+ 41. Kf2 Ra8 42. Rxb7 Rxa4 43. Rcb2 Rha8 44. Rb1 Ra2+ 45. R7b2 Rxb2+ 46. Rxb2 Ra3 47. Qb4 Qh4+ 48. Ke2 Ra1 1/2-1/2

[Event "Belgrade-chT Quality"]
[Site "Belgrade"]
[Date "2016.10.01"]
[Round "1.5"]
[White "Poleksic, Miodrag"]
[Black "Vujanovic, Aleksa"]
[Result "1-0"]
[WhiteElo "2126"]
[BlackElo "1879"]
[PlyCount "51"]
[EventDate "2016.10.01"]
[EventType "team-tourn"]
[EventRounds "11"]
[EventCountry "SRB"]
[SourceTitle "EXT 2018"]
[Source "ChessBase"]
[SourceDate "2017.10.13"]
[SourceVersion "1"]
[SourceVersionDate "2017.10.13"]
[SourceQuality "1"]

1. d4 Nf6 2. c4 g6 3. Nc3 Bg7 4. e4 d6 5. Nf3 0-0 6. Be2 e5 7. 0-0 Nc6 8. d5 Ne7 9. Ne1 Ne8 10. Nd3 f5 11. f3 Rf7 12. Bd2 f4 13. Rc1 Bf8 14. c5 g5 15. Nb5 a6 16. Na3 h5 17. cxd6 cxd6 18. Nc4 Ng6 19. Ba5 Nc7 20. Nb6 Rb8 21. Nxc8 Rxc8 22. Qb3 b5 23. Rc6 Ne7 24. Rxa6 Qe8 25. Bxc7 Rxc7 26. Rxd6 1-0

[Event "Belgrade-chT Quality"]
[Site "Belgrade"]
[Date "2015.10.04"]
[Round "2"]
[White "Stefanovic, Ivo"]
[Black "Vujanovic, Aleksa"]
[Result "0-1"]
[WhiteElo "2075"]
[BlackElo "1697"]
[PlyCount "54"]
[EventDate "2015.10.03"]
[EventType "team-tourn"]
[EventRounds "11"]
[EventCountry "SRB"]
[SourceTitle "EXT 2018"]
[Source "ChessBase"]
[SourceDate "2017.10.13"]
[SourceVersion "1"]
[SourceVersionDate "2017.10.13"]
[SourceQuality "1"]

1. d4 Nf6 2. Nf3 g6 3. c4 Bg7 4. Nc3 0-0 5. e4 d6 6. h3 e5 7. Be2 Nc6 8. d5 Ne7 9. 0-0 Ne8 10. Ne1 f5 11. f3 f4 12. Nd3 Nf6 13. Bd2 h5 14. Be1 g5 15. Rc1 Rf7 16. c5 Ng6 17. Bf2 Bf8 18. b4 Rg7 19. cxd6 cxd6 20. a4 Nh8 21. Nb5 g4 22. hxg4 hxg4 23. Bh4 g3 24. Qb3 Rh7 25. Bg5 Rh5 26. Nc7 Rxg5 27. Nxa8 Qe8 0-1

[Event "SRB-ch U10"]
[Site "Vrnjacka Banja"]
[Date "2013.05.06"]
[Round "9"]
[White "Milinkovic, Ognjen P"]
[Black "Vujanovic, Aleksa"]
[Result "1-0"]
[WhiteElo "1613"]
[BlackElo "1379"]
[PlyCount "21"]
[EventDate "2013.04.30"]
[EventType "swiss"]
[EventRounds "9"]
[EventCountry "SRB"]
[SourceTitle "CBM 154 Extra"]
[Source "ChessBase"]
[SourceDate "2013.06.25"]
[SourceVersion "2"]
[SourceVersionDate "2013.06.25"]
[SourceQuality "1"]

1. e4 e5 2. f4 exf4 3. Nf3 Nf6 4. Nc3 d5 5. exd5 Nxd5 6. Nxd5 Qxd5 7. d4 Qe4+ 8. Be2 c5 9. 0-0 cxd4 10. Re1 Be7 11. Bb5+ 1-0

[Event "SRB-ch U10"]
[Site "Vrnjacka Banja"]
[Date "2013.05.01"]
[Round "3"]
[White "Stankovic, Dimitrije"]
[Black "Vujanovic, Aleksa"]
[Result "1/2-1/2"]
[WhiteElo "1482"]
[BlackElo "1379"]
[PlyCount "56"]
[EventDate "2013.04.30"]
[EventType "swiss"]
[EventRounds "9"]
[EventCountry "SRB"]
[SourceTitle "CBM 154 Extra"]
[Source "ChessBase"]
[SourceDate "2013.06.25"]
[SourceVersion "2"]
[SourceVersionDate "2013.06.25"]
[SourceQuality "1"]

1. e4 e5 2. Nf3 Nc6 3. Bb5 Bc5 4. c3 f5 5. d3 Nf6 6. Bg5 fxe4 7. dxe4 Bxf2+ 8. Ke2 Bb6 9. Bxc6 dxc6 10. Qxd8+ Kxd8 11. Nxe5 Re8 12. Rd1+ Ke7 13. Nf3 Kf8 14. Bxf6 Rxe4+ 15. Kf1 gxf6 16. Nbd2 Re8 17. a4 Bf5 18. Nc4 Rad8 19. Nxb6 cxb6 20. Nd4 Rd5 21. c4 Rde5 22. h3 c5 23. Nb5 Bc2 24. Rdc1 Bd3+ 25. Kg1 Re2 26. Rc3 Be4 27. Rg3 a6 28. Nc3 Rxb2 1/2-1/2